000 003770000a22001570004500
003 MACL
040 _aMACL
090 _c45083
_d45081
100 _aPrasad, Rajendra
245 _aHistory Of Science, Philosophy And Culture In Indian Civilization
260 _aNew Delhi
_c2009
350 _a1800/-
690 _aHistory
942 _cBOOK
_k100/ PRA
951 _o100/ PRA BOOK
999 _c44621
_d44621